00744 2200205 4500001002100000005001500021035002000036245006300056100002000119250001700139300002800156260003100184082001000215084001600225020002200241650001400263520020400277008004100481990001600522INLIS00000000000005320240322081540 a0010-03240000531 aEnsiklopedia Mini Pertamaku :bTumbuhan /cCucu Nurhasanah0 aCucu Nurhasanah acetakan ke-1 a36 hlm :bilus ;c19 cm aSolo :bTiga Ananda,c2019 a580.3 a580.3 CUC e a978-602-366-859-5 4aBuku Anak aDi sekitar kita ada banyak jenis tumbuhan. Ada yang digunakan sebagai sayuran, buah, atau sebagai obat. Melalui buku ini, kalian akan diajak mengenal berbagai jenis tumbuhan yang ada di sekitar kita.240322 b 0 ind  a00000000053